[Event "C.to Provnciale NU-OR-OT"]
[Site "Siniscola ITA"]
[Date "2015.02.14"]
[Round "5"]
[White "Battasi, Antonio Domenico"]
[Black "Pinna, Gianfranco"]
[WhiteElo "1731"]
[BlackElo "1440"]
[Result "1-0"]
[PlyCount "85"]
[EventDate "2015.02.07"]

1. e4 e5 2. Nf3 Nc6 3. Bc4 Be7 4. c3 Nf6 5. d3 O-O 6. O-O d6 7. Bb3 Bg4 8. Nbd2
Nd7 9. Re1 Kh8 10. Nf1 Nb6 11. Ne3 Bd7 12. h3 Qc8 13. Nh2 Na5 14. Bc2 Be6 15.
d4 Rd8 16. d5 Bd7 17. Qh5 Be8 18. Nf5 Bf8 19. Qf3 Qd7 20. Bd3 c6 21. Ne3 cxd5
22. exd5 Rac8 23. b4 Rxc3 24. bxa5 Rxd3 25. axb6 axb6 26. Qe4 Rd4 27. Qf3 f6
28. a3 Bg6 29. Bb2 Rd3 30. Qe2 e4 31. h4 Qe8 32. g4 Bf7 33. h5 Qe7 34. Nf5 Qe8
35. Qxe4 Qxe4 36. Rxe4 Bxd5 37. Rd4 Rxd4 38. Bxd4 b5 39. Nf1 b4 40. axb4 Rc8
41. h6 Kg8 42. hxg7 Bxg7 43. Ne7+ 1-0

[Event "C.to Provnciale NU-OR-OT"]
[Site "Siniscola ITA"]
[Date "2015.02.14"]
[Round "5"]
[White "Buchicchio, Alessandro"]
[Black "Le Creurer, Kilian"]
[WhiteElo "1901"]
[BlackElo "1800"]
[Result "1-0"]
[PlyCount "85"]
[EventDate "2015.02.07"]

1. e4 c5 2. Nf3 d6 3. Nc3 Nf6 4. d4 cxd4 5. Nxd4 a6 6. Be2 e5 7. Nb3 Be6 8. O-O
Be7 9. Be3 O-O 10. Rc1 Nbd7 11. h3 Rc8 12. f4 exf4 13. Bxf4 Qb6+ 14. Kh1 Rxc3
15. bxc3 Nxe4 16. Qd4 Qc6 17. Bf3 d5 18. c4 Bf6 19. cxd5 Bxd5 20. Qd3 b5 21.
Na5 Qa8 22. Bxe4 Bxe4 23. Qxd7 Bxg2+ 24. Kh2 Bxf1 25. Rxf1 Qe4 26. Qc6 Qa4 27.
Qxa6 Bd8 28. Bd2 Re8 29. Rf2 b4 30. Qc6 Qxc6 31. Nxc6 Bc7+ 32. Kh1 Bb6 33. Rg2
f5 34. Nxb4 Re4 35. Nd3 h6 36. Bxh6 Kh7 37. Bxg7 f4 38. Rg4 Re2 39. Rg2 Re4 40.
Bb2 f3 41. Rg7+ Kh6 42. Rf7 Re3 43. Bc1 1-0

[Event "C.to Provnciale NU-OR-OT"]
[Site "Siniscola ITA"]
[Date "2015.02.14"]
[Round "5"]
[White "Marano, Daniele"]
[Black "Sonis, Francesco"]
[WhiteElo "1672"]
[BlackElo "2173"]
[Result "0-1"]
[PlyCount "46"]
[EventDate "2015.02.07"]

1. e4 e6 2. d3 d5 3. Nd2 c5 4. Ngf3 Nc6 5. g3 Bd6 6. Bg2 Nge7 7. O-O O-O 8. Re1
Qc7 9. Nf1 f6 10. exd5 exd5 11. Ne3 Qd8 12. Bd2 Bc7 13. h4 Be6 14. Nh2 Qd7 15.
Qh5 f5 16. Bh3 d4 17. Ng2 Nd5 18. Nf3 Nf6 19. Qg5 h6 20. Qg6 Ne7 21. Bxf5 Bxf5
22. Rxe7 Bxg6 23. Rxd7 Nxd7 0-1

[Event "C.to Provnciale NU-OR-OT"]
[Site "Siniscola ITA"]
[Date "2015.02.14"]
[Round "5"]
[White "Moro, Gabriel"]
[Black "Corbo, Giuseppe"]
[WhiteElo "1479"]
[BlackElo "1468"]
[Result "0-1"]
[PlyCount "49"]
[EventDate "2015.02.07"]

1. c4 Nf6 2. Nf3 g6 3. d4 c6 4. Bg5 Bg7 5. e3 d5 6. Nc3 Bg4 7. h3 Bf5 8. Qb3
Qb6 9. Qxb6 axb6 10. Bxf6 Bxf6 11. cxd5 c5 12. Bb5+ Bd7 13. Bxd7+ Nxd7 14. Ne4
Bg7 15. O-O f5 16. Nfg5 fxe4 17. Ne6 Kf7 18. Nxg7 Kxg7 19. dxc5 bxc5 20. a3
Rhd8 21. Rac1 b6 22. f3 Nf6 23. fxe4 Nxe4 24. Rf4 Ng3 25. e4 0-1

[Event "C.to Provnciale NU-OR-OT"]
[Site "Siniscola ITA"]
[Date "2015.02.14"]
[Round "5"]
[White "Passalacqua, Tullio"]
[Black "Crapulli, Giuseppe"]
[WhiteElo "1627"]
[BlackElo "1849"]
[Result "0-1"]
[PlyCount "58"]
[EventDate "2015.02.07"]

1. d4 Nf6 2. Nf3 e6 3. c4 b6 4. a3 Ba6 5. Qc2 Bb7 6. Bg5 Be7 7. Nc3 d5 8. cxd5
exd5 9. e3 O-O 10. Bd3 Nbd7 11. O-O h6 12. Bh4 c5 13. Rac1 c4 14. Be2 a6 15. b4
b5 16. Ra1 Bc6 17. Nd2 a5 18. Qb2 Ra6 19. Ra2 Qa8 20. Rfa1 Qa7 21. bxa5 Rxa5
22. Bf3 Ra8 23. e4 Bxa3 24. Qc2 Qxd4 25. exd5 Bb7 26. Bxf6 Nxf6 27. Nxb5 Rxb5
28. Rxa3 Rxa3 29. Rxa3 Rb2 0-1

[Event "C.to Provnciale NU-OR-OT"]
[Site "Siniscola ITA"]
[Date "2015.02.14"]
[Round "5"]
[White "Profera, Antonino"]
[Black "Spiga, Sandro"]
[WhiteElo "1446"]
[BlackElo "1440"]
[Result "1-0"]
[PlyCount "75"]
[EventDate "2015.02.07"]

1. e4 e5 2. Nf3 Nc6 3. Nc3 d6 4. Bc4 Nf6 5. d3 Bg4 6. Bg5 Be7 7. h3 Bxf3 8.
gxf3 Nd4 9. Be3 O-O 10. Bxd4 exd4 11. Ne2 c5 12. Qd2 Nh5 13. c3 Bg5 14. f4 Bf6
15. O-O-O a6 16. Kb1 b5 17. Bb3 a5 18. c4 bxc4 19. Bxc4 Qb8 20. Ng3 Nxg3 21.
fxg3 a4 22. g4 h6 23. h4 Bd8 24. h5 Ba5 25. Qc1 Bc3 26. Rh2 Qb6 27. g5 Kh7 28.
Ka1 Ba5 29. Rg2 Qd8 30. Rdg1 Ra7 31. f5 f6 32. gxh6 gxh6 33. Qc2 Qe8 34. Qe2
Re7 35. Qg4 Qd7 36. Qg6+ Kh8 37. Qxh6+ Rh7 38. Qxf8# 1-0

[Event "C.to Provnciale NU-OR-OT"]
[Site "Siniscola ITA"]
[Date "2015.02.14"]
[Round "5"]
[White "Sonis, Cesare"]
[Black "Sonis, Luca"]
[WhiteElo "1303"]
[BlackElo "1687"]
[Result "0-1"]
[PlyCount "58"]
[EventDate "2015.02.07"]

1. e4 e5 2. Nf3 Nc6 3. d4 exd4 4. Nxd4 d6 5. Nxc6 bxc6 6. Nc3 Nf6 7. f3 Be7 8.
Bc4 O-O 9. O-O Bb7 10. Bg5 h6 11. Bh4 Nxe4 12. Bxe7 Nxc3 13. Bxd8 Nxd1 14. Bxc7
Ne3 15. Rfd1 Nxc4 16. Bxd6 Nxd6 17. Rxd6 Rfd8 18. Rad1 Rxd6 19. Rxd6 Kf8 20. c4
Ke7 21. c5 Rd8 22. Rxd8 Kxd8 23. Kf2 Ke7 24. Ke3 Ba6 25. g4 Ke6 26. Ke4 Be2 27.
b4 g6 28. Ke3 Bc4 29. Ke4 Bxa2 0-1

[Event "C.to Provnciale NU-OR-OT"]
[Site "Siniscola ITA"]
[Date "2015.02.15"]
[Round "6"]
[White "Battasi, Antonio Domenico"]
[Black "Sonis, Cesare"]
[WhiteElo "1731"]
[BlackElo "1303"]
[Result "1-0"]
[PlyCount "47"]
[EventDate "2015.02.07"]

1. e4 e5 2. Nf3 d6 3. d4 Bg4 4. dxe5 dxe5 5. Qxd8+ Kxd8 6. Nxe5 Be6 7. f4 Bd6
8. Nf3 Nc6 9. Nc3 Bb4 10. Bd2 Bg4 11. Be2 Kd7 12. h3 Bxf3 13. Bxf3 Rd8 14.
O-O-O Kc8 15. Bg4+ Kb8 16. a3 Be7 17. Nd5 Bh4 18. Bc3 f6 19. Rd3 Nce7 20. g3
Nxd5 21. exd5 Bxg3 22. Rxg3 Ne7 23. Be6 Ng6 24. f5 1-0

[Event "C.to Provnciale NU-OR-OT"]
[Site "Siniscola ITA"]
[Date "2015.02.15"]
[Round "6"]
[White "Corbo, Giuseppe"]
[Black "Profera, Antonino"]
[WhiteElo "1468"]
[BlackElo "1446"]
[Result "1-0"]
[PlyCount "55"]
[EventDate "2015.02.07"]

1. e4 e5 2. Nf3 Nc6 3. d4 exd4 4. Nxd4 Nxd4 5. Qxd4 d6 6. Nc3 Nf6 7. Bg5 c5 8.
Qd2 b6 9. Bc4 Be6 10. Bxe6 fxe6 11. O-O-O Be7 12. f3 O-O 13. Nb5 Nxe4 14. Bxe7
Nxd2 15. Bxd8 Rfxd8 16. Rxd2 Rd7 17. Rxd6 Rxd6 18. Nxd6 Rd8 19. Rd1 Kf8 20. Nb7
Re8 21. Rd8 Rxd8 22. Nxd8 Ke7 23. Nc6+ Kd6 24. Nd8 Kd5 25. b3 e5 26. c4+ Kd4
27. Kd2 g5 28. Ne6# 1-0

[Event "C.to Provnciale NU-OR-OT"]
[Site "Siniscola ITA"]
[Date "2015.02.15"]
[Round "6"]
[White "Le Creurer, Kilian"]
[Black "Passalacqua, Tullio"]
[WhiteElo "1800"]
[BlackElo "1627"]
[Result "1-0"]
[PlyCount "91"]
[EventDate "2015.02.07"]

1. c4 Nf6 2. g3 c6 3. Bg2 d5 4. cxd5 cxd5 5. d4 e6 6. Nc3 Bd6 7. Bd2 Bd7 8. Rc1
Bc6 9. Qb3 Qb6 10. Nb5 Be7 11. Nc3 O-O 12. Nf3 Nbd7 13. Qxb6 axb6 14. a3 Ra6
15. Na2 Ne4 16. Bb4 Nd6 17. Ne5 Nxe5 18. dxe5 Nc8 19. O-O Ra8 20. Rfd1 Bxb4 21.
Nxb4 Ne7 22. e4 Rfd8 23. exd5 exd5 24. f4 Ra5 25. Rd3 Rc5 26. Rcd1 Ba4 27. Nxd5
Nxd5 28. Rxd5 Rdxd5 29. Rxd5 Rc1+ 30. Kf2 Rc2+ 31. Ke3 Kf8 32. Rd2 Rxd2 33.
Kxd2 Bc6 34. Bxc6 bxc6 35. Kd3 Ke7 36. b4 Ke6 37. Kd4 g6 38. a4 Kd7 39. g4 h6
40. f5 gxf5 41. gxf5 h5 42. Kc4 h4 43. a5 c5 44. a6 Kc7 45. bxc5 Kc6 46. cxb6
1-0

[Event "C.to Provnciale NU-OR-OT"]
[Site "Siniscola ITA"]
[Date "2015.02.15"]
[Round "6"]
[White "Marano, Daniele"]
[Black "Buchicchio, Alessandro"]
[WhiteElo "1672"]
[BlackElo "1901"]
[Result "1-0"]
[PlyCount "69"]
[EventDate "2015.02.07"]

1. e4 c5 2. Nf3 Nc6 3. Bb5 e6 4. O-O Nge7 5. d4 cxd4 6. Nxd4 Qb6 7. Nxc6 bxc6
8. Bd3 d5 9. Nd2 Ng6 10. Nb3 Be7 11. exd5 cxd5 12. Be3 Qd8 13. Nd4 Bd7 14. f4
Bf6 15. Qh5 O-O 16. Rf3 Be8 17. Rh3 h6 18. Nxe6 fxe6 19. Bxg6 Bxb2 20. Rf1 Bxg6
21. Qxg6 Rf6 22. Qg4 d4 23. Rg3 Qf8 24. Bd2 Rc8 25. Bb4 Qf7 26. Rb3 Rxc2 27.
Qf3 Bc1 28. Qa8+ Kh7 29. Qe4+ Qg6 30. f5 Be3+ 31. Kh1 Qxf5 32. Rxf5 Rc1+ 33.
Rf1+ Kg8 34. Rxc1 Bxc1 35. Rf3 1-0

[Event "C.to Provnciale NU-OR-OT"]
[Site "Siniscola ITA"]
[Date "2015.02.15"]
[Round "6"]
[White "Sonis, Francesco"]
[Black "Crapulli, Giuseppe"]
[WhiteElo "2173"]
[BlackElo "1849"]
[Result "1/2-1/2"]
[PlyCount "108"]
[EventDate "2015.02.07"]

1. Nf3 Nf6 2. g3 b6 3. Bg2 Bb7 4. c4 e6 5. O-O Be7 6. b3 O-O 7. Bb2 c5 8. e3 d5
9. Nc3 Nc6 10. d3 a6 11. Qe2 Qc7 12. Rac1 dxc4 13. bxc4 Rac8 14. Ne1 Rfd8 15.
f4 Ne8 16. f5 Bf6 17. fxe6 fxe6 18. Bh3 Qe7 19. Qg4 Nc7 20. Nd5 Nxd5 21. Qxe6+
Kh8 22. cxd5 Bxb2 23. Rb1 Bf6 24. Rxb6 Qxe6 25. Bxe6 Na5 26. Bxc8 Bxc8 27. Rb8
Kg8 28. Nf3 g5 29. e4 g4 30. Nh4 Be5 31. Ra8 Bc7 32. d4 cxd4 33. Rc1 Bb7 34.
Rxc7 Bxa8 35. Nf5 h5 36. Nxd4 Bxd5 37. exd5 Rxd5 38. Ne2 Rd1+ 39. Kf2 Rh1 40.
Rc2 Rxh2+ 41. Kg1 Rh3 42. Kg2 h4 43. Rc5 hxg3 44. Rxa5 Rh2+ 45. Kf1 Rh1+ 46.
Ng1 Rh2 47. Rxa6 Kf7 48. a4 Ke7 49. Rg6 Rf2+ 50. Ke1 Rf4 51. a5 g2 52. Ke2 Rf1
53. Rxg4 Rxg1 54. a6 Ra1 1/2-1/2

[Event "C.to Provnciale NU-OR-OT"]
[Site "Siniscola ITA"]
[Date "2015.02.15"]
[Round "6"]
[White "Sonis, Luca"]
[Black "Di Pinto, Vincenzo"]
[WhiteElo "1687"]
[BlackElo "1633"]
[Result "0-1"]
[PlyCount "66"]
[EventDate "2015.02.07"]

1. e4 e5 2. Nf3 d6 3. Bc4 Be7 4. d3 h6 5. h3 Nf6 6. O-O O-O 7. Nc3 Nc6 8. Be3
Na5 9. Bb3 c6 10. Re1 Qc7 11. d4 b6 12. Kh1 Bb7 13. a3 Nxb3 14. cxb3 exd4 15.
Bxd4 Nd7 16. Rc1 Qd8 17. e5 dxe5 18. Bxe5 Nxe5 19. Nxe5 Bg5 20. Rb1 Qe7 21. Qd7
Qxd7 22. Nxd7 Rfd8 23. Ne5 Rd2 24. Ne4 Rd5 25. Nxg5 hxg5 26. Nc4 Rad8 27. Kh2
f6 28. Ne3 Rd2 29. Red1 c5 30. f3 Bxf3 31. Rxd2 Rxd2 32. Kg3 Be4 33. Ra1 Re2
0-1

[Event "C.to Provnciale NU-OR-OT"]
[Site "Siniscola ITA"]
[Date "2015.02.15"]
[Round "6"]
[White "Talu, Alessandro"]
[Black "Moro, Gabriel"]
[WhiteElo "1551"]
[BlackElo "1479"]
[Result "0-1"]
[PlyCount "86"]
[EventDate "2015.02.07"]

1. e4 e6 2. d4 d5 3. Nd2 c5 4. c3 Nc6 5. Ngf3 dxe4 6. Nxe4 Qd5 7. Ng3 cxd4 8.
cxd4 Nf6 9. Be2 Bd6 10. O-O b6 11. a3 Bb7 12. b3 Na5 13. Rb1 Rc8 14. Re1 Bxg3
15. fxg3 Ne4 16. Bd2 Nxd2 17. Qxd2 Nxb3 18. Qb4 Na5 19. Bf1 Nc6 20. Qb2 O-O 21.
Qa1 Rfd8 22. Rb5 Qd6 23. Re4 Ne7 24. Rg4 Nf5 25. Rb4 Ne3 26. Rxg7+ Kxg7 27. d5+
Kg8 28. Rh4 Nxf1 29. Rg4+ Kf8 30. Qh8+ Ke7 31. Qxh7 Qc5+ 32. Kh1 Qc1 33. d6+
Rxd6 34. Qh4+ Ke8 35. Rg8+ Kd7 36. Ne5+ Kc7 37. Qe7+ Kb8 38. Rxc8+ Kxc8 39. h4
Nxg3+ 40. Kh2 Qh1+ 41. Kxg3 Qxg2+ 42. Kf4 Rd4+ 43. Ke3 Qe4+ 0-1

[Event "C.to Provnciale NU-OR-OT"]
[Site "Siniscola ITA"]
[Date "2015.02.15"]
[Round "6"]
[White "Telch, Ettore"]
[Black "Pinna, Gianfranco"]
[WhiteElo "1440"]
[BlackElo "1440"]
[Result "0-1"]
[PlyCount "64"]
[EventDate "2015.02.07"]

1. d4 d5 2. Nc3 e6 3. Be3 Nf6 4. a3 Be7 5. Nf3 O-O 6. Qd2 b6 7. O-O-O c5 8. g3
Nc6 9. Bg2 Na5 10. Ne5 Nd7 11. b3 Nxe5 12. dxe5 Bb7 13. Bf4 Qc7 14. Nb1 Rfd8
15. Rhe1 b5 16. e3 Nc6 17. Qc3 b4 18. Qb2 a5 19. a4 c4 20. Nd2 c3 21. Qa1 cxd2+
22. Rxd2 g5 23. h3 Rd7 24. Red1 Rad8 25. c3 Nxe5 26. Bxe5 Qxe5 27. Rd3 Rc7 28.
Kd2 Qf6 29. Ke2 Ba6 30. Ke1 Bxd3 31. Rxd3 Rxc3 32. Ke2 Rc2+ 0-1

[Event "C.to Provnciale NU-OR-OT"]
[Site "Siniscola ITA"]
[Date "2015.02.15"]
[Round "7"]
[White "Buchicchio, Alessandro"]
[Black "Passalacqua, Tullio"]
[WhiteElo "1901"]
[BlackElo "1627"]
[Result "1/2-1/2"]
[PlyCount "46"]
[EventDate "2015.02.07"]

1. e4 e6 2. d4 d5 3. exd5 exd5 4. Nf3 Bd6 5. Bd3 Nf6 6. O-O O-O 7. h3 h6 8.
Nbd2 c5 9. c4 Be6 10. cxd5 Bxd5 11. Nc4 Nc6 12. Nxd6 Qxd6 13. dxc5 Qxc5 14. Be3
Qb4 15. b3 Rfd8 16. Ne1 Be4 17. Qe2 Qc3 18. Rd1 Nd4 19. Bxd4 Rxd4 20. Bxe4 Rxd1
21. Qxd1 Nxe4 22. Nf3 Qc5 23. Qd4 Qxd4 1/2-1/2

[Event "C.to Provnciale NU-OR-OT"]
[Site "Siniscola ITA"]
[Date "2015.02.15"]
[Round "7"]
[White "Crapulli, Giuseppe"]
[Black "Battasi, Antonio Domenico"]
[WhiteElo "1849"]
[BlackElo "1731"]
[Result "1/2-1/2"]
[PlyCount "49"]
[EventDate "2015.02.07"]

1. e4 e5 2. Nf3 Nc6 3. Bc4 Be7 4. O-O Nf6 5. d3 d6 6. c3 O-O 7. h3 Na5 8. Bb5
c6 9. Ba4 b5 10. Bc2 Bd7 11. d4 Qc7 12. Bg5 Nc4 13. b3 Nb6 14. Nbd2 a6 15. a4
Be6 16. a5 Nc8 17. c4 Ne8 18. Be3 Bf6 19. Bd3 Bd7 20. dxe5 dxe5 21. Qc2 Qb8 22.
cxb5 cxb5 23. b4 Nc7 24. Nb3 Ne6 25. Nc5 1/2-1/2

[Event "C.to Provnciale NU-OR-OT"]
[Site "Siniscola ITA"]
[Date "2015.02.15"]
[Round "7"]
[White "Di Pinto, Vincenzo"]
[Black "Sonis, Francesco"]
[WhiteElo "1633"]
[BlackElo "2173"]
[Result "0-1"]
[PlyCount "46"]
[EventDate "2015.02.07"]

1. d4 Nf6 2. Nf3 c5 3. e3 g6 4. Be2 cxd4 5. exd4 Bg7 6. O-O O-O 7. c4 d5 8. Nc3
Nc6 9. h3 Be6 10. c5 Ne4 11. Be3 Nxc5 12. Qd2 Ne4 13. Nxe4 dxe4 14. Ng5 Bd5 15.
h4 Qb6 16. h5 Bxd4 17. Rad1 e5 18. Bxd4 Nxd4 19. Qe3 f5 20. Rd2 Qf6 21. f4 exf3
22. Nxf3 f4 23. Qxe5 Nxf3+ 0-1

[Event "C.to Provnciale NU-OR-OT"]
[Site "Siniscola ITA"]
[Date "2015.02.15"]
[Round "7"]
[White "Le Creurer, Kilian"]
[Black "Marano, Daniele"]
[WhiteElo "1800"]
[BlackElo "1672"]
[Result "1-0"]
[PlyCount "91"]
[EventDate "2015.02.07"]

1. c4 e5 2. Nc3 Bb4 3. Nd5 Be7 4. d3 Nf6 5. Nxe7 Qxe7 6. Bd2 d6 7. g3 Nc6 8.
Bg2 O-O 9. e3 Bd7 10. Ne2 Rad8 11. O-O Rfe8 12. b4 Bc8 13. b5 Nb8 14. Nc3 Nbd7
15. Qc2 Nf8 16. Qa4 Bf5 17. e4 Bd7 18. Bg5 Qe6 19. Bxf6 gxf6 20. Nd5 Rc8 21.
Qxa7 c6 22. Nb6 Rc7 23. a4 f5 24. exf5 Qxf5 25. Be4 Qh5 26. Nxd7 Rxd7 27. bxc6
bxc6 28. Qb6 d5 29. Bg2 Re6 30. a5 Rh6 31. h4 dxc4 32. dxc4 Rd4 33. a6 Ng6 34.
Qxd4 exd4 35. a7 Nxh4 36. gxh4 Qxh4 37. a8=Q+ Kg7 38. Rfd1 Qg4 39. Rd3 Rg6 40.
Rg3 Qe2 41. Rxg6+ hxg6 42. Qxc6 d3 43. Bf1 Qe5 44. Rd1 d2 45. Qd5 Qxd5 46. cxd5
1-0

[Event "C.to Provnciale NU-OR-OT"]
[Site "Siniscola ITA"]
[Date "2015.02.15"]
[Round "7"]
[White "Pinna, Gianfranco"]
[Black "Talu, Alessandro"]
[WhiteElo "1440"]
[BlackElo "1551"]
[Result "1-0"]
[PlyCount "103"]
[EventDate "2015.02.07"]

1. e4 e5 2. Nf3 Nc6 3. Bc4 Nf6 4. Ng5 d5 5. exd5 Na5 6. d3 Nxc4 7. dxc4 h6 8.
Nf3 Bd6 9. h3 c6 10. O-O O-O 11. Re1 Re8 12. Nc3 Bb8 13. Be3 Qd6 14. c5 Qd7 15.
d6 Qe6 16. Qd2 b6 17. b4 Nd5 18. a3 f6 19. Nxd5 cxd5 20. c3 b5 21. a4 Bd7 22.
a5 a6 23. Nh2 Qf7 24. f4 e4 25. Qf2 f5 26. Bd4 Kh7 27. Re3 Rg8 28. g4 g6 29.
Kh1 Ba7 30. Rg1 Rae8 31. Be5 Re6 32. Rd1 Bc6 33. Nf1 h5 34. Nd2 Rge8 35. Qg3
Kg8 36. Nb3 Qh7 37. Kg2 Kf7 38. Nd4 h4 39. Qh2 Rxe5 40. fxe5 Qh6 41. Rde1 f4
42. Rf1 f3+ 43. Kf2 Bd7 44. Rg1 Qg5 45. e6+ Bxe6 46. Nxe6 Rxe6 47. d7 Qd8 48.
Qf4+ Kg7 49. g5 Qh8 50. Qc7 Bb8 51. Qc8 Bg3+ 52. Kf1 1-0

[Event "C.to Provnciale NU-OR-OT"]
[Site "Siniscola ITA"]
[Date "2015.02.15"]
[Round "7"]
[White "Profera, Antonino"]
[Black "Moro, Gabriel"]
[WhiteElo "1446"]
[BlackElo "1479"]
[Result "0-1"]
[PlyCount "70"]
[EventDate "2015.02.07"]

1. e4 e6 2. Nf3 b6 3. Nc3 Ne7 4. d4 Bb7 5. Bd3 d5 6. e5 Ng6 7. Bxg6 hxg6 8. Bg5
Qd7 9. O-O c5 10. Be3 Nc6 11. Nb5 a6 12. Nc3 Be7 13. Bg5 Bxg5 14. Nxg5 cxd4 15.
Nb1 Qe7 16. f4 Qc5 17. Kh1 Rh5 18. Nd2 Nxe5 19. g4 Nxg4 20. Qxg4 Qxc2 21. Qg2
Qf5 22. Qg3 d3 23. Kg1 d4 24. Rac1 f6 25. Ngf3 Rh3 26. Qg2 Qh5 27. Rf2 e5 28.
Re1 Rc8 29. fxe5 f5 30. Qg5 Qxg5+ 31. Nxg5 Re3 32. Ngf3 g5 33. Kf1 g4 34. Nxd4
Rxe1+ 35. Kxe1 Rc1# 0-1

[Event "C.to Provnciale NU-OR-OT"]
[Site "Siniscola ITA"]
[Date "2015.02.15"]
[Round "7"]
[White "Sonis, Luca"]
[Black "Corbo, Giuseppe"]
[WhiteElo "1687"]
[BlackElo "1468"]
[Result "1-0"]
[PlyCount "99"]
[EventDate "2015.02.07"]

1. e4 e5 2. Nf3 Nc6 3. Bc4 Nf6 4. Nc3 Bc5 5. O-O d6 6. d3 Na5 7. Bb3 Nxb3 8.
axb3 h6 9. h3 Be6 10. Be3 Bxe3 11. fxe3 a6 12. d4 Nd7 13. d5 Bxh3 14. gxh3 Qf6
15. Qe2 O-O-O 16. Rf2 Qg6+ 17. Rg2 Qh7 18. Rxa6 Nc5 19. Ra8+ Kd7 20. Rxd8+ Rxd8
21. Nd2 g5 22. Qg4+ Ke7 23. b4 Nd7 24. Qf5 Qg7 25. Nf3 Qf6 26. Qxf6+ Nxf6 27.
Nh2 c6 28. Ng4 Ng8 29. dxc6 bxc6 30. b5 h5 31. Nh2 Rb8 32. Rxg5 Nf6 33. Rg2
cxb5 34. Nd5+ Ke6 35. Nxf6 Kxf6 36. Rf2+ Ke6 37. Nf3 f6 38. Rg2 Ra8 39. b3 Ra1+
40. Kh2 Rf1 41. Kg3 b4 42. Rg1 Rxg1+ 43. Nxg1 f5 44. exf5+ Kxf5 45. Kf3 d5 46.
h4 e4+ 47. Kg3 Ke5 48. Ne2 Kf5 49. Nd4+ Kf6 50. Kf4 1-0

[Event "C.to Provnciale NU-OR-OT"]
[Site "Siniscola ITA"]
[Date "2015.02.15"]
[Round "7"]
[White "Spiga, Sandro"]
[Black "Telch, Ettore"]
[WhiteElo "1440"]
[BlackElo "1440"]
[Result "1-0"]
[PlyCount "119"]
[EventDate "2015.02.07"]

1. e4 e5 2. Nf3 Nc6 3. Nc3 Nf6 4. d3 Bc5 5. Bg5 O-O 6. Nd5 Be7 7. Qd2 Re8 8.
O-O-O d6 9. Re1 Be6 10. Nxe7+ Qxe7 11. Kb1 d5 12. exd5 Bxd5 13. d4 Qd6 14. Bb5
Re6 15. Bxc6 Bxc6 16. dxe5 Qxd2 17. Nxd2 Ng4 18. Nc4 Bxg2 19. Rhg1 Bf3 20. h3
Nxf2 21. Rg3 Ne4 22. Rxf3 Nxg5 23. Rg3 Rc6 24. b3 h6 25. h4 Ne6 26. Rf1 Rd8 27.
Ne3 Rc3 28. Kb2 Rc5 29. Rf5 a5 30. Rg2 Rd4 31. h5 Re4 32. Nc4 b6 33. a4 b5 34.
Nd2 Rb4 35. c3 Rh4 36. c4 bxa4 37. bxa4 Rc6 38. Kc3 Rb6 39. Nf3 Rh3 40. Rb2 g6
41. hxg6 fxg6 42. Rf6 Kg7 43. Rxb6 cxb6 44. Rxe6 Rxf3+ 45. Kd4 Rf4+ 46. Kd5 h5
47. Rxb6 Kh6 48. Rf6 Rg4 49. e6 Rg5+ 50. Kd6 Rg4 51. e7 Rd4+ 52. Kc5 Re4 53.
Rf7 Re5+ 54. Kd6 Rxe7 55. Rxe7 h4 56. c5 Kh5 57. Rh7+ Kg4 58. c6 h3 59. c7 Kg3
60. c8=Q 1-0

[Event "II Festival Carnevale"]
[Site "Torino ITA"]
[Date "2015.02.14"]
[Round "2"]
[White "Faraoni, Enrico"]
[Black "Carfagna, Alex"]
[WhiteElo "2079"]
[BlackElo "1851"]
[Result "1/2-1/2"]
[PlyCount "109"]
[EventDate "2015.02.13"]

1. f4 d5 2. Nf3 Nf6 3. g3 e6 4. Bg2 c5 5. O-O Nc6 6. d3 Be7 7. Nc3 O-O 8. e4
dxe4 9. dxe4 Qb6 10. e5 Rd8 11. Qe2 Nd5 12. Ne4 Nd4 13. Qf2 Nb4 14. Ne1 Nd5 15.
c3 Nc6 16. g4 c4 17. Nc2 Qxf2+ 18. Kxf2 Rb8 19. Be3 b6 20. Rad1 Bb7 21. Ke2 Ba8
22. h4 Rbc8 23. h5 Rc7 24. Bd4 Rcd7 25. f5 Nc7 26. f6 Bf8 27. fxg7 Bxg7 28.
Nf6+ Bxf6 29. Bxc6 Bxc6 30. Rxf6 Be4 31. Ne3 Bd3+ 32. Rxd3 cxd3+ 33. Kxd3 Nd5
34. Nxd5 Rxd5 35. Ke4 Rc8 36. g5 Re8 37. Rf2 Rd7 38. a4 Kg7 39. Rf6 Rg8 40. b4
Kf8 41. Kf4 Rd5 42. Kg4 Ke7 43. Kh4 Rd7 44. Rf2 Kd8 45. Ra2 Kc8 46. Rf2 Kc7 47.
Rf6 Kb7 48. b5 Rc7 49. Kg4 Rd7 50. Kf4 Rc7 51. Rh6 Rg7 52. Rf6 Rg8 53. Rh6 Rg7
54. Rf6 Rg8 55. Rh6 1/2-1/2

[Event "II Festival Carnevale"]
[Site "Torino ITA"]
[Date "2015.02.14"]
[Round "2"]
[White "Yao, Stefano"]
[Black "Doromeychuk, Anton"]
[WhiteElo "2277"]
[BlackElo "1858"]
[Result "1-0"]
[PlyCount "69"]
[EventDate "2015.02.13"]

1. e4 e5 2. Nf3 Nc6 3. Bb5 Nf6 4. O-O a6 5. Bxc6 dxc6 6. Nxe5 Bd6 7. Nf3 Bg4 8.
e5 Bxf3 9. Qxf3 Bxe5 10. Qe2 Qe7 11. Re1 Bd6 12. Qf1 Ne4 13. d3 f5 14. dxe4
fxe4 15. Nc3 O-O-O 16. Rxe4 Qf7 17. Be3 h6 18. Re1 g5 19. Qc4 Qh5 20. h3 Rhf8
21. Bc5 b5 22. Qe6+ Kb7 23. Bxd6 Rxd6 24. Qg4 Qg6 25. Qg3 h5 26. Re7 h4 27. Qe3
Qxc2 28. Rxc7+ Kxc7 29. Qa7+ Kc8 30. Qa8+ Kc7 31. Re7+ Kb6 32. Qa7+ Ka5 33.
Qc7+ Kb4 34. Qxd6+ Ka5 35. b4+ 1-0

[Event "II Festival Carnevale"]
[Site "Torino ITA"]
[Date "2015.02.15"]
[Round "3"]
[White "Llupa, Oltjon"]
[Black "Bergero, Simone"]
[WhiteElo "2002"]
[BlackElo "1849"]
[Result "1-0"]
[PlyCount "75"]
[EventDate "2015.02.13"]

1. d4 d5 2. c4 e6 3. Nc3 c5 4. cxd5 cxd4 5. Qxd4 Nc6 6. Qd1 exd5 7. Qxd5 Be6 8.
Qxd8+ Rxd8 9. e3 a6 10. a3 Na5 11. b4 Nb3 12. Rb1 Nxc1 13. Rxc1 g6 14. Nf3 Bg7
15. Be2 Rc8 16. Nd4 Ne7 17. O-O Bd7 18. Bf3 Nc6 19. Nce2 O-O 20. Rfd1 Rfd8 21.
h3 Be5 22. g4 h5 23. Nxc6 bxc6 24. Nd4 hxg4 25. hxg4 Be8 26. Rc5 Bd6 27. Ra5 c5
28. bxc5 Rxc5 29. Rxa6 Rc3 30. Ne6 fxe6 31. Rdxd6 Rxd6 32. Rxd6 Kf7 33. Ra6 Rc4
34. Ra5 Ke7 35. Kg2 Kd6 36. Kg3 e5 37. Ra6+ Kc5 38. Re6 1-0

[Event "II Festival Carnevale"]
[Site "Torino ITA"]
[Date "2015.02.15"]
[Round "3"]
[White "Nastro, Federico"]
[Black "Buffa Sabarino, Pietro"]
[WhiteElo "1970"]
[BlackElo "1854"]
[Result "0-1"]
[PlyCount "64"]
[EventDate "2015.02.13"]

1. d4 Nf6 2. c4 g6 3. Nc3 Bg7 4. g3 O-O 5. Bg2 d6 6. Nf3 Nbd7 7. O-O c5 8. d5
b6 9. h3 Ba6 10. Nd2 Ne8 11. Re1 Nc7 12. a4 Rb8 13. Nb5 Bxb5 14. axb5 Ra8 15.
e4 a6 16. Qb3 axb5 17. Rxa8 Qxa8 18. cxb5 Qa5 19. Bf1 Ra8 20. Qa3 Qa4 21. Qxa4
Rxa4 22. Re3 Ra1 23. Nb3 Ra2 24. Bc4 Ne5 25. Bf1 Nd7 26. Bc4 Ne5 27. Bf1 c4 28.
Nd4 Ra1 29. Bd2 Nd3 30. Nb3 Rb1 31. Kg2 Nxb2 32. Bc3 Nd1 0-1

[Event "II Festival Carnevale"]
[Site "Torino ITA"]
[Date "2015.02.15"]
[Round "4"]
[White "Buffa Sabarino, Pietro"]
[Black "Davi, Alessandro"]
[WhiteElo "1854"]
[BlackElo "2123"]
[Result "0-1"]
[PlyCount "64"]
[EventDate "2015.02.13"]

1. c4 Nf6 2. Nf3 e6 3. g3 d5 4. cxd5 exd5 5. d4 Be7 6. Bg2 O-O 7. Nc3 c6 8. O-O
Nbd7 9. a3 a5 10. Qc2 Re8 11. e3 Bd6 12. Bd2 Nf8 13. Na4 Ne4 14. Nc5 Bxc5 15.
dxc5 a4 16. Bb4 Qf6 17. Nd2 Nxd2 18. Qxd2 Ng6 19. Bc3 Qe7 20. Bd4 Bf5 21. Qe2
Ne5 22. Qh5 Bg6 23. Qxe5 Qxe5 24. Bxe5 Rxe5 25. Rac1 Ra5 26. Rfd1 h5 27. Bf1 f6
28. Rd4 Re4 29. Kg2 Kf7 30. Rc3 Rxd4 31. exd4 Bf5 32. f3 Ra8 {...} 0-1